História da sociedade brasileira (Record no. 130990)

MARC details
000 -LÍDER
campo de controle de tamanho fixo 00815 a2200193 4500
001 - NÚMERO DE CONTROLE
campo de controle 130990
020 ## - ISBN - INTERNATIONAL STANDARD BOOK NUMBER
ISBN - International Standard Book Number 85-215-0079-3
040 ## - FONTE DA CATALOGAÇÃO
Instituição que transcreveu o registro Leonardo Da Vinci
041 ## - CÓDIGO DE IDIOMA
Código do idioma do texto/trilha sonora ou título diferente Português
082 ## - CDD - CLASSIFICAÇÃO DECIMAL DE DEWEY
Número de Classificação 981 A353h
Número do exemplar A353h
100 ## - ENTRADA PRINCIPAL--NOME PESSOAL
Nome pessoal ALENCAR, Francisco
-- RAMALHO, Lúcia Carpi
-- RIBEIRO, Marcus Venício Toledo
245 ## - TÍTULO
Título História da sociedade brasileira
250 ## - EDIÇÃO
Edição 2.ed
260 ## - PUBLICAÇÃO, DISTRIBUIÇÃO, ETC.
Nome do editor, distribuidor, etc. Ao Livro Técnico
Data da publicação, distribuição, etc. 1983
Local de publicação, distribuição, etc. Rio de Janeiro
300 ## - DESCRIÇÃO FÍSICA
Extensão 339
362 ## - DATAS DE PUBLICAÇÃO E/OU DESIGNAÇÃO SEQUENCIAL
Datas de publicação e/ou designação sequencial 19830000
697 ## - ENTRADA DE ASSUNTO LOCAL--ENTIDADE COLETIVA (RLIN)
Nome corporativo ou nome da jurisdição História do Brasil
-- Comunidade primitiva
-- Colônia
-- Agromanufatura
-- Expansão territorial
-- Extrativismo mineral
-- Monopólio
-- Conspirações
-- Século XVIII
-- Império
-- Tríplice aliança
-- Monarquia
-- Proclamação da República
-- República oligárquica
-- Novo Estado
-- Ditadura
-- Getúlio Vargas
-- Populismo
-- Ensino Médio
942 ## - ELEMENTOS DE ENTRADA ADICIONADOS (KOHA)
Tipo de material Koha Livros
Holdings
Situação do descarte Situação das perdas Situação física Não pode ser emprestado Biblioteca de origem Biblioteca atual Data de aquisição Total de empréstimos Número de chamada completo Código de barras Data de último acesso Data do preço efetivo Tipo de material Koha
        Leonardo Da Vinci - Osasco Leonardo Da Vinci - Osasco 27/03/2024   981 A353h O006857 27/03/2024 27/03/2024 Livros
        Leonardo Da Vinci - Osasco Leonardo Da Vinci - Osasco 27/03/2024   981 A353h O006858 27/03/2024 27/03/2024 Livros